ბათუმის შოთა რუსთაველის სახელმწიფო უნივერსიტეტის ბიბლიოთეკა

როგორ დავძლიოთ მღელვარება და დავიწყოთ ცხოვრება / (ბიბ.ჩანაწერი № 53867)

000 -ლიდერი
ფიქსირებული სიგრძის საკონტროლო ველი 01239nam a2200253Ia 4500
001 - საკონტროლო ნომერი
საკონტროლო ველი 20918
003 - საკონტროლო ნომრის იდენტიფიკატორი
საკონტროლო ველი GE_BSU
005 - ბოლო ოპერაციის თარიღი და დრო
საკონტროლო ველი 20221219111302.0
008 - ფიქსირებული სიგრძის მონაცემთა ელემენტები - ზოგადი ინფორმაცია
ფიქსირებული სიგრძის საკონტროლო ველი 181216s2013||||ge |||||||||||||| ||geo||
020 ## - წიგნის საერთაშორისო სტანდარტული ნომერი
International Standard Book Number 9789941044960
040 ## - კატალოგიზაციის წყარო
Transcribing agency GE_BSU
041 ## - ენის კოდი
Language code of text/sound track or separate title geo
080 ## - უნივერსალური ათობითი კლასიფიკაციის ინდექსი
Universal Decimal Classification number 316.6 +159.92 კ–29
100 ## - მთავარი ჩანაწერი - პიროვნების სახელი
Personal name კარნეგი, დეილ
9 (RLIN) 15326
245 ## - ცნობა სათაურის შესახებ
Title როგორ დავძლიოთ მღელვარება და დავიწყოთ ცხოვრება /
Statement of responsibility, etc დეილ კარნეგი ; მთარგმნ.: ნინა თურმანიძე, ლაშა ბულია ; რედ. თამაზ თურმანიძე.
264 ## - წარმოების, გამოცემის, დისტრიბუციის და სხვა ცნობები
გამოცემის, წარმოების, დისტრიბუციის... ადგილი თბილისი :
გამოცემის, წარმოების, დისტრიბუციის... სახელწოდება გეო,
გამოცემის, წარმოების, დისტრიბუციის... თარიღი 2013
300 ## - ფიზიკური აღწერა
Extent 258 გვ.;
Other physical details 21 სმ.
653 ## - INDEX TERM--UNCONTROLLED
Uncontrolled term სოციალური ფსიქოლოგია.
653 ## - INDEX TERM--UNCONTROLLED
Uncontrolled term პიროვნების ფორმირება.
700 ## - ADDED ENTRY--PERSONAL NAME
Personal name თურმანიძე, ნინა
Relator term მთარგმნელი
9 (RLIN) 16466
700 ## - ADDED ENTRY--PERSONAL NAME
Personal name ბულია, ლაშა
Relator term მთარგმნელი
9 (RLIN) 11893
700 ## - ADDED ENTRY--PERSONAL NAME
Personal name თურმანიძე, თამაზ
Relator term რედაქტორი
9 (RLIN) 11865
942 ## - ADDED ENTRY ELEMENTS (KOHA)
Koha item type წიგნი
Source of classification or shelving scheme
ეგზემპლარები
ჩამოწერის სტატუსი დაკარგული ეგზემპლარის სტატუსი კლასიფიკაციის წყარო ან თაროზე გაწყობის სქემა დაზიანების სტატუსი არ გაიცემა მუდმივი მდებარეობა (დაცვის ადგილი) ამჟამინდელი ადგილსამყოფელი თაროზე განთავსების ადგილი შეძენის თარიღი ღირებულება, შესყიდვის ნორმალური ფასი სრული შენახვის შიფრი შტრიხკოდი ბოლო ოპერაციის თარიღი ეგზემპლარის მიმდევრობითი ნომერი (კეტერი?) ფასის ძალაში შესვლის თარიღი ეგზემპლარის სახეობა საჯარო შენიშვნა
          ბათუმის შოთა რუსთაველის სახელმწიფო უნივერსიტეტის მთავარი ბიბლიოთეკა ბათუმის შოთა რუსთაველის სახელმწიფო უნივერსიტეტის მთავარი ბიბლიოთეკა წიგნსაცავი 2018-12-17 7.30 316.6 +159.92 კ–29 54525 2018-12-17 54525 2018-12-17 წიგნი 7 ლ.30 თ.